Score 0/24 Timer 03:00
1 Play Today
Clue 4-Letter Word % Correct
Shape of ItalyBOOT
98.8%
'Life of Pi' primary mode of transportBOAT
98%
Opposite of leastMOST
98%
Winter wearCOAT
97.8%
ExpenseCOST
96.7%
Twelve inches
[Rung 1][Rung 14]: Place for additional information
on a page
📗 FOOT 📗
96.1%
Smelling organNOSE
93.7%
Tube used by firefightersHOSE
93%
Sound an owl makesHOOT
92.5%
Peter Pan's nemesisHOOK
92.2%
Sound a dog makesBARK
92.2%
Make a reservation
[Rung 20][Rung 24]: Keep your place in a novel
📗 BOOK 📗
89.6%
Clue 4-Letter Word % Correct
Brief message
[Rung 14][Rung 20]: Place to scribble
📗 NOTE 📗
89.4%
Parasite's homeHOST
88.1%
Stolen goodsLOOT
87.6%
Almost like a cow's opinion - it doesn't matterMOOT
87.1%
Land alongside a riverBANK
86.5%
Type of bagTOTE
84.4%
Hit or strike on the headBONK
83.4%
RippedTORE
82.6%
Gospel writer📗 MARK 📗
77.5%
A wrongful act, legallyTORT
67.3%
Brutish personLOUT
60.6%
Talk up or promoteTOUT
57.8%

Today's Daily Dose

Remove Ads.
Support Sporcle.
Get the best of Sporcle when you Go Orange. This ad-free experience offers more features, more stats, and more fun while also helping to support Sporcle. Thank you for becoming a member.

You're not logged in!

Compare scores with friends on all Sporcle quizzes.
OR
Log In

Show Comments

Extras

Top Quizzes Today


Score Distribution

Your Account Isn't Verified!

In order to create a playlist on Sporcle, you need to verify the email address you used during registration. Go to your Sporcle Settings to finish the process.

Report this User

Report this user for behavior that violates our Community Guidelines.

Details: